Влияние микродобавок Cu2+, Ni2+ и Ag+ на реакцию алюминия с жидкой водой; Перспективы развития фундаментальных наук

Bibliografiske detaljer
Parent link:Перспективы развития фундаментальных наук.— 2005.— С. 129-131
Hovedforfatter: Астанкова А. П. Анна Петровна
Andre forfattere: Годымчук А. Ю. Анна Юрьевна (научный руководитель), Ильин А. П. Александр Петрович
Sprog:russisk
Udgivet: 2005
Fag:
Format: MixedMaterials Book Chapter
KOHA link:https://koha.lib.tpu.ru/cgi-bin/koha/opac-detail.pl?biblionumber=215123

MARC

LEADER 00000naa2a2200000 4500
001 215123
005 20250205063153.0
035 |a (RuTPU)RU\TPU\book\235020 
035 |a RU\TPU\book\235019 
090 |a 215123 
100 |a 20120504d2005 k y0rusy50 ca 
101 0 |a rus 
102 |a RU 
200 1 |a Влияние микродобавок Cu2+, Ni2+ и Ag+ на реакцию алюминия с жидкой водой  |f А. П. Астанкова, А. Ю. Годымчук  |g науч. рук. А. П. Ильин 
320 |a Библиогр.: с. 131 (4 назв.) 
463 0 |0 (RuTPU)RU\TPU\book\100376  |t Перспективы развития фундаментальных наук  |o труды II Международной конференции студентов и молодых ученых, 16-20 мая 2005 г., Томск  |o [сборник трудов]  |f Томский политехнический университет (ТПУ), Факультет естественных наук и математики  |v С. 129-131  |d 2005  |p 294 с. 
610 1 |a труды учёных ТПУ 
700 1 |a Астанкова  |b А. П.  |c физик  |c старший преподаватель, инженер-исследователь Томского политехнического университета, кандидат физико-математических наук  |f 1984-  |g Анна Петровна  |3 (RuTPU)RU\TPU\pers\37599 
701 1 |a Годымчук  |b А. Ю.  |c специалист в области нанотехнологий и наноматериалов  |c доцент Томского политехнического университета, кандидат технических наук  |f 1978-  |g Анна Юрьевна  |x TPU  |y Томск  |3 (RuTPU)RU\TPU\pers\26193  |4 070  |9 12001 
702 1 |a Ильин  |b А. П.  |c химик  |c профессор Томского политехнического университета, доктор физико-математических наук  |f 1949-  |g Александр Петрович  |4 727 
801 1 |a RU  |b 63413507  |c 20120504 
801 2 |a RU  |b 63413507  |c 20161201  |g RCR 
942 |c BK